Normal view MARC view
  • Constitution and properties of matter

Entry Topical Term

Number of records used in: 1

001 - CONTROL NUMBER

  • control field: 3312

003 - CONTROL NUMBER IDENTIFIER

  • control field: OSt

005 - DATE AND TIME OF LATEST TRANSACTION

  • control field: 20251024104920.0

008 - FIXED-LENGTH DATA ELEMENTS

  • fixed length control field: 251024|| aca||aabn | a|a d

040 ## - CATALOGING SOURCE

  • Original cataloging agency: OSt
  • Transcribing agency: OSt

150 ## - HEADING--TOPICAL TERM

  • Topical term or geographic name entry element: Constitution and properties of matter
  • Topical term or geographic name entry element: Field And String Theories

670 ## - SOURCE DATA FOUND

  • Source citation: Work cat.: (OSt)752397: Lipparini, Enrico 3311, Modern many-particle physics :, 2003.